| 000 | 00967nam a2200265Ia 4500 | ||
|---|---|---|---|
| 003 | GCL | ||
| 008 | 140319s9999 xx 000 0 ara d | ||
| 020 | _a118320977 | ||
| 040 |
_aGCL / _cGCL |
||
| 082 | 0 | 4 |
_a337 _bح ن |
| 100 | 1 | _aحازم الببلاوى | |
| 245 | 1 | 0 |
_aالنظام الاقتصادى الدولى المعاصر : _bمعايير وقواعد مالية جديدة / _cحازم الببلاوى |
| 250 | _aالثانية | ||
| 260 |
_aالقاهرة : _bمركز الاهرام للترجمة والنشر ، _c2005 |
||
| 300 |
_a200 ص ؛ _c24 يم |
||
| 650 | 0 | 4 | _aالتكامل الاقتصادى |
| 650 | 0 | 4 | _aالتخطيط الاقتصادى |
| 650 | 0 | 4 | _aالاقتصاد الدولى |
| 650 | 0 | 4 | _aالاحوال الاقتصادية |
| 650 | 0 | 4 | _aالليبرالية |
| 650 | 0 | 4 | _aصندوق النقد الدولى |
| 650 | 0 | 4 | _aمنظمة التجارة العالمية |
| 650 | 0 | 4 | _aالعولمة |
| 942 |
_2ddc _cBK |
||
| 999 |
_c9276 _d9276 |
||